[Event "90th GER-ch 2019"]
[Site "Magdeburg"]
[Date "2019.05.31"]
[Round "8.15"]
[White "Heimrath, Reiner"]
[Black "Nosek, Reinhard"]
[Result "1-0"]
[WhiteElo "2239"]
[BlackElo "1913"]
[Annotator "ChessBase"]
[PlyCount "67"]
[EventDate "2019.05.26"]
[EventType "tourn"]
[EventCountry "GER"]
[SourceTitle "playchess.com"]
[Source "ChessBase"]
[SourceQuality "1"]
[TimeControl "40/5400+30:1800+30"]

1. e4 {[%emt 0:00:00]} c5 {[%emt 0:00:00]} 2. Nc3 {[%emt 0:00:00]} Nc6 {[%emt 0:00:00]} 3. d3 {[%emt 0:00:33]} e6 {[%emt 0:03:06]} 4. g3 {[%emt 0:01:29]} d6 {[%emt 0:02:29]} 5. Bg2 {[%emt 0:00:15]} Bd7 {[%emt 0:01:43]} 6. Nge2 {[%emt 0:00:12]} Be7 {[%emt 0:01:23]} 7. O-O {[%emt 0:00:11]} a6 {[%emt 0:01:09]} 8. a4 {[%emt 0:01:33]} b6 {[%emt 0:00:19]} 9. f4 {[%emt 0:01:32]} h5 {[%emt 0:01:30]} 10. h3 {[%emt 0:00:22]} Nb4 {[%emt 0:06:11]} 11. Be3 {[%emt 0:08:21]} Bc6 {[%emt 0:00:39]} 12. d4 {[%emt 0:03:03]} Nf6 {[%emt 0:05:50]} 13. d5 {[%emt 0:27:35]} exd5 {[%emt 0:00:32]} 14. Nxd5 {[%emt 0:00:16]} Nbxd5 {[%emt 0:00:37]} 15. exd5 {[%emt 0:00:07]} Bd7 {[%emt 0:00:17]} 16. a5 {[%emt 0:06:47]} Qc8 {[%emt 0:01:28]} 17. axb6 {[%emt 0:00:45]} Rb8 {[%emt 0:00:10]} 18. Kh2 {[%emt 0:04:37]} h4 {[%emt 0:00:13]} 19. f5 {[%emt 0:12:10]} Bxf5 {[%emt 0:03:33]} 20. g4 {[%emt 0:03:52]} Bxg4 {[%emt 0:11:24]} 21. Rxf6 {[%emt 0:04:06]} Bxf6 {[%emt 0:00:02]} 22. hxg4 {[%emt 0:00:18]} Rxb6 {[%emt 0:00:59]} 23. Ra4 {[%emt 0:03:49]} Be5+ {[%emt 0:01:14]} 24. Bf4 {[%emt 0:03:55]} Qxg4 {[%emt 0:01:54]} 25. Re4 {[%emt 0:09:08]} h3 {[%emt 0:00:15]} 26. Bh1 {[%emt 0:00:11]} f5 {[%emt 0:05:10]} 27. Re3 {[%emt 0:00:07]} Qg5 {[%emt 0:04:11]} 28. Rxe5+ {[%emt 0:00:20]} dxe5 {[%emt 0:01:39]} 29. Bxg5 {[%emt 0:00:08]} Rd6 {[%emt 0:00:37]} 30. Be3 {[%emt 0:00:15]} g5 {[%emt 0:02:18]} 31. Bxc5 {[%emt 0:00:06]} Rd7 {[%emt 0:00:08]} 32. d6 {[%emt 0:00:12]} e4 {[%emt 0:00:42]} 33. Qd5 {[%emt 0:00:11]} g4 {[%emt 0:00:25]} 34. Qe5+ {[%emt 0:00:14]} 1-0

[Event "90th GER-ch 2019"]
[Site "Magdeburg"]
[Date "2019.05.31"]
[Round "8.16"]
[White "Guenther, Andreas"]
[Black "Kardoeus, David"]
[Result "1-0"]
[WhiteElo "2121"]
[BlackElo "2202"]
[Annotator "ChessBase"]
[PlyCount "151"]
[EventDate "2019.05.26"]
[EventType "tourn"]
[EventCountry "GER"]
[SourceTitle "playchess.com"]
[Source "ChessBase"]
[SourceQuality "1"]
[TimeControl "40/5400+30:1800+30"]

1. b3 {[%emt 0:00:00]} d5 {[%emt 0:01:05]} 2. Bb2 {[%emt 0:00:00]} c5 {[%emt 0:00:23]} 3. e3 {[%emt 0:00:00]} Nf6 {[%emt 0:01:58]} 4. f4 {[%emt 0:00:15]} Nc6 {[%emt 0:06:36]} 5. Bb5 {[%emt 0:02:01]} Bg4 {[%emt 0:05:26]} 6. Nf3 {[%emt 0:00:28]} e6 {[%emt 0:05:52]} 7. Bxc6+ {[%emt 0:00:59]} bxc6 {[%emt 0:00:08]} 8. h3 {[%emt 0:00:37]} Bxf3 {[%emt 0:02:56]} 9. Qxf3 {[%emt 0:00:08]} Be7 {[%emt 0:00:09]} 10. O-O {[%emt 0:00:27]} O-O {[%emt 0:00:24]} 11. Nc3 {[%emt 0:01:06]} Nd7 {[%emt 0:02:11]} 12. e4 {[%emt 0:03:20]} c4 {[%emt 0:00:12]} 13. Ne2 {[%emt 0:05:09]} Qb6+ {[%emt 0:07:18]} 14. Kh1 {[%emt 0:01:22]} f5 {[%emt 0:00:12]} 15. exf5 exf5 {[%emt 0:03:52]} 16. Rae1 {[%emt 0:06:19]} Rae8 {[%emt 0:15:44]} 17. Ng3 {[%emt 0:15:38]} Qa5 {[%emt 0:18:47]} 18. Qc3 {[%emt 0:29:14]} Qxc3 {[%emt 0:00:40]} 19. Bxc3 {[%emt 0:00:02]} cxb3 {[%emt 0:02:17]} 20. axb3 {[%emt 0:00:02]} g6 {[%emt 0:01:28]} 21. Ne2 {[%emt 0:03:02]} c5 {[%emt 0:01:20]} 22. g3 {[%emt 0:01:42]} d4 {[%emt 0:05:22]} 23. Ba5 {[%emt 0:01:02]} Bd6 {[%emt 0:00:34]} 24. d3 {[%emt 0:03:17]} Nf6 {[%emt 0:00:46]} 25. Kg2 {[%emt 0:00:26]} Nd5 {[%emt 0:01:02]} 26. Bd2 {[%emt 0:00:02]} Kf7 {[%emt 0:07:26]} 27. Ng1 {[%emt 0:00:40]} Be7 {[%emt 0:02:15]} 28. Re5 {[%emt 0:03:49]} Rd8 {[%emt 0:00:11]} 29. Ra1 {[%emt 0:00:15]} Rd7 {[%emt 0:00:54]} 30. Nf3 {[%emt 0:01:09]} Bf6 {[%emt 0:01:03]} 31. Re2 {[%emt 0:00:29]} Re8 {[%emt 0:01:17]} 32. Rxe8 {[%emt 0:01:57]} Kxe8 {[%emt 0:00:01]} 33. Ra5 {[%emt 0:00:33]} Rc7 {[%emt 0:00:25]} 34. Kf2 {[%emt 0:00:24]} Kd7 {[%emt 0:00:30]} 35. Ke2 {[%emt 0:01:58]} Kc6 {[%emt 0:00:46]} 36. Ra6+ {[%emt 0:01:17]} Nb6 {[%emt 0:00:07]} 37. Kf2 {[%emt 0:01:56]} Kb7 {[%emt 0:00:29]} 38. Ra1 {[%emt 0:00:27]} Nd5 {[%emt 0:00:33]} 39. Re1 {[%emt 0:01:35]} Re7 {[%emt 0:00:07]} 40. Rxe7+ {[%emt 0:00:45]} Nxe7 {[%emt 0:00:08]} 41. g4 {[%emt 0:36:10]} Kc6 {[%emt 0:34:35]} 42. Kg3 {[%emt 0:00:56]} Nd5 {[%emt 0:01:39]} 43. g5 {[%emt 0:04:52]} Bd8 {[%emt 0:00:00]} 44. h4 {[%emt 0:00:00]} Bc7 {[%emt 0:00:00]} 45. h5 {[%emt 0:00:00]} Kb5 {[%emt 0:00:00]} 46. Nh4 Ne7 47. h6 {[%emt 0:00:00]} Ba5 {[%emt 0:00:00]} 48. Bxa5 {[%emt 0:00:00]} Kxa5 {[%emt 0:00:00]} 49. Kf3 {[%emt 0:00:00]} Kb4 {[%emt 0:00:00]} 50. Ke2 {[%emt 0:00:00]} a5 {[%emt 0:00:00]} 51. Kd2 {[%emt 0:00:00]} a4 {[%emt 0:00:00]} 52. bxa4 {[%emt 0:00:00]} Kxa4 {[%emt 0:00:00]} 53. c3 {[%emt 0:00:00]} dxc3+ {[%emt 0:01:42]} 54. Kxc3 {[%emt 0:00:00]} Nd5+ {[%emt 0:00:12]} 55. Kc4 {[%emt 0:00:00]} Nxf4 {[%emt 0:00:10]} 56. Kxc5 {[%emt 0:00:00]} Ne6+ {[%emt 0:00:56]} 57. Kc6 {[%emt 0:00:00]} f4 {[%emt 0:02:06]} 58. Nf3 {[%emt 0:00:00]} Kb4 {[%emt 0:00:29]} 59. Kd5 {[%emt 0:00:00]} Nc7+ {[%emt 0:02:49]} 60. Ke5 {[%emt 0:00:00]} Kc3 {[%emt 0:00:16]} 61. d4 {[%emt 0:00:00]} Kd3 {[%emt 0:00:43]} 62. Kxf4 {[%emt 0:00:00]} Ke2 {[%emt 0:00:46]} 63. Nh4 {[%emt 0:00:00]} Ne6+ {[%emt 0:00:51]} 64. Kg4 {[%emt 0:00:00]} Nf8 {[%emt 0:01:05]} 65. Kf4 {[%emt 0:00:00]} Ne6+ {[%emt 0:00:10]} 66. Ke5 {[%emt 0:00:00]} Nxg5 {[%emt 0:00:01]} 67. Kf6 {[%emt 0:00:00]} Ne4+ {[%emt 0:00:50]} 68. Ke5 {[%emt 0:00:00]} Ng5 {[%emt 0:00:35]} 69. Nxg6 {[%emt 0:00:00]} Nf7+ {[%emt 0:00:13]} 70. Ke6 {[%emt 0:00:00]} Nxh6 {[%emt 0:00:04]} 71. Ne5 {[%emt 0:00:39]} Ke3 {[%emt 0:01:24]} 72. d5 {[%emt 0:00:09]} Ke4 {[%emt 0:00:13]} 73. d6 {[%emt 0:00:20]} Nf5 {[%emt 0:00:05]} 74. d7 {[%emt 0:00:26]} Nd4+ {[%emt 0:00:11]} 75. Kf6 {[%emt 0:00:32]} Nc6 {[%emt 0:00:28]} 76. Nxc6 {[%emt 0:00:10]} 1-0

[Event "90th GER-ch 2019"]
[Site "Magdeburg"]
[Date "2019.06.01"]
[Round "9.1"]
[White "Rosner, Jonas"]
[Black "Huschenbeth, Niclas"]
[Result "0-1"]
[WhiteElo "2413"]
[BlackElo "2603"]
[Annotator "RC"]
[PlyCount "128"]
[EventDate "2019.05.26"]
[EventType "tourn"]
[EventCountry "GER"]
[SourceTitle "playchess.com"]
[Source "ChessBase"]
[SourceQuality "1"]
[TimeControl "40/5400+30:1800+30"]

1. d4 {[%emt 0:00:00]} Nf6 {[%emt 0:00:46]} 2. Nf3 {[%emt 0:00:00]} e6 {[%emt 0:00:08]} 3. Bf4 {[%emt 0:00:05]} d5 {[%emt 0:03:22]} 4. e3 {[%emt 0:00:36]} Bd6 {[%emt 0:04:42]} 5. Bg3 {[%emt 0:00:33]} O-O {[%emt 0:00:26]} 6. Nbd2 {[%emt 0:01:40]} c5 {[%emt 0:00:29]} 7. c3 {[%emt 0:00:30]} Qc7 {[%emt 0:01:28]} 8. Bd3 {[%emt 0:00:32]} Nbd7 {[%emt 0:00:23]} 9. O-O {[%emt 0:00:35]} Bxg3 {[%emt 0:09:59]} 10. hxg3 {[%emt 0:00:21]} e5 {[%emt 0:00:04]} 11. e4 {[%emt 0:13:47]} dxe4 {[%emt 0:00:42]} 12. Nxe4 {[%emt 0:04:28]} Nxe4 {[%emt 0:02:45]} 13. Bxe4 {[%emt 0:00:10]} Nf6 {[%emt 0:00:11]} 14. Re1 {[%emt 0:04:02]} exd4 {[%emt 0:11:16]} 15. cxd4 {[%emt 0:01:01]} cxd4 {[%emt 0:18:33]} 16. Qxd4 {[%emt 0:07:33]} Rd8 {[%emt 0:01:10]} 17. Qb4 {[%emt 0:09:24]} a5 {[%emt 0:01:37]} 18. Qb5 {[%emt 0:02:36]} Nxe4 {[%emt 0:13:54]} 19. Rxe4 {[%emt 0:00:21]} Be6 {[%emt 0:00:27]} 20. Rae1 {[%emt 0:03:50]} h6 {[%emt 0:00:12]} 21. Nd4 {[%emt 0:07:48]} Bd7 {[%emt 0:13:01]} 22. Qh5 {[%emt 0:03:28]} Qd6 {[%emt 0:02:55]} 23. g4 {[%emt 0:07:21]} Qf6 {[%emt 0:01:21]} 24. Nf3 {[%emt 0:08:39]} Bc6 {[%emt 0:01:59]} 25. R4e3 {[%emt 0:02:11]} Rd5 {[%emt 0:01:06]} 26. Ne5 {[%emt 0:01:09]} Rd2 {[%emt 0:00:55]} 27. R1e2 {[%emt 0:06:31]} Rd1+ {[%emt 0:00:50]} 28. Re1 {[%emt 0:00:28]} Rd2 {[%emt 0:00:03]} 29. R1e2 {[%emt 0:00:04]} Rxe2 {[%emt 0:00:17]} 30. Rxe2 {[%emt 0:00:02]} Qe6 {[%emt 0:02:58]} 31. Re3 {[%emt 0:02:59]} Qxa2 {[%emt 0:00:41]} 32. b3 {[%emt 0:03:50]} Bd5 {[%emt 0:01:02]} 33. Nf3 {[%emt 0:04:35]} Rd8 {[%emt 0:02:23]} 34. Qh4 {[%emt 0:03:40]} Rc8 {[%emt 0:00:59]} 35. g5 {[%emt 0:00:39]} Bxf3 {[%emt 0:00:44]} 36. Rxf3 {[%emt 0:01:13]} Qa1+ {[%emt 0:00:26]} 37. Kh2 {[%emt 0:00:03]} Qe5+ {[%emt 0:00:53]} 38. Rg3 {[%emt 0:00:32]} Rc6 {[%emt 0:02:14]} 39. f4 {[%emt 0:01:30]} Qe7 {[%emt 0:00:51]} 40. Qg4 {[%emt 0:00:41]} hxg5 {[%emt 0:01:07]} 41. fxg5 {[%emt 0:00:47]} Qe5 {[%emt 0:02:02]} 42. Qd7 {[%emt 0:03:40]} g6 {[%emt 0:06:12]} 43. Qd8+ {[%emt 0:03:38]} Kg7 {[%emt 0:00:53]} 44. Qd2 {[%emt 0:01:00]} Rc5 {[%emt 0:04:43]} 45. Kh3 {[%emt 0:03:04]} Rd5 {[%emt 0:00:49]} 46. Qf2 {[%emt 0:03:47]} Rb5 {[%emt 0:03:04]} 47. Qf1 {[%emt 0:04:52]} Rb4 {[%emt 0:03:44]} 48. Qd3 {[%emt 0:04:56]} Qe6+ {[%emt 0:03:57]} 49. Kh2 {[%emt 0:00:04]} Rh4+ {[%emt 0:00:12]} 50. Rh3 {[%emt 0:00:10]} Qe5+ {[%emt 0:00:42]} 51. Kg1 {[%emt 0:01:24]} Qe1+ {[%emt 0:00:09]} 52. Kh2 {[%emt 0:00:15]} Qe5+ {[%emt 0:00:07]} 53. Kg1 {[%emt 0:00:02]} Rxh3 {[%emt 0:00:22]} 54. Qxh3 {[%emt 0:00:19]} Qc5+ {[%emt 0:00:17]} 55. Kh1 {[%emt 0:00:38]} Qc1+ {[%emt 0:00:03]} 56. Kh2 {[%emt 0:00:06]} Qxg5 {[%emt 0:00:18]} 57. Qc3+ {[%emt 0:00:26]} Kh7 {[%emt 0:00:19]} 58. Qc4 {[%emt 0:00:57]} Qe5+ {[%emt 0:00:24]} 59. Kh1 {[%emt 0:01:54]} Kg7 {[%emt 0:00:07]} 60. Qa4 {[%emt 0:00:32]} Qe1+ {[%emt 0:01:24]} 61. Kh2 {[%emt 0:00:02]} Qe5+ {[%emt 0:00:05]} 62. Kh1 {[%emt 0:00:22]} b6 {[%emt 0:00:08]} 63. Qc6 {[%emt 0:01:13]} Qh5+ {[%emt 0:00:26]} 64. Kg1 {[%emt 0:00:03]} Qc5+ {[%emt 0:00:04]} 0-1

[Event "90th GER-ch 2019"]
[Site "Magdeburg"]
[Date "2019.06.01"]
[Round "9.2"]
[White "Kollars, Dmitrij"]
[Black "Winterberg, Lukas"]
[Result "1-0"]
[WhiteElo "2561"]
[BlackElo "2376"]
[Annotator "TA"]
[PlyCount "87"]
[EventDate "2019.05.26"]
[EventType "tourn"]
[EventCountry "GER"]
[SourceTitle "playchess.com"]
[Source "ChessBase"]
[SourceQuality "1"]

{[%evp 12,87,14,-1,22,19,13,17,14,4,30,21,28,17,25,19,28,30,18,-26,-19,-25,-30,-42,-26,-32,-17,-22,0,0,0,0,146,132,118,112,141,128,234,240,232,76,120,121,119,106,168,167,195,177,133,133,133,133,133,116,117,116,233,227,217,212,387,386,5923,5955,3890,870,29971,29971,5264,5257,29969,29972,29972,29970,29979,29980]} 1. e4 e6 2. d4 d5 3. Nc3 Bb4 4. exd5 exd5 5. Bd3 Nf6 6. Nge2 O-O 7. O-O Nc6 {C01: French: Exchange Variation} (7... c6 8. Bg5 h6 9. Bh4 Re8 10. f3 Nbd7 11. Qd2 Nf8 12. Rae1 Bd6 13. Bg3 Ng6 14. Bxd6 Qxd6 15. Bxg6 fxg6 {1-0 (39) Aronian,L (2767)-Caruana,F (2822) chess.com INT 2018}) 8. Bg5 Be7 9. a3 Be6 {The position is equal.} 10. Nf4 $146 ({Predecessor:} 10. h3 Qd7 11. Re1 Bf5 12. Nf4 Bxd3 13. Qxd3 Rad8 14. Rad1 Kh8 15. Bxf6 Bxf6 16. Ncxd5 Bxd4 {½-½ (41) Tarasov,D (2210)-Velichko,A (1793) Izhevsk 2014}) 10... Nxd4 {[#]} 11. Bxh7+ $1 {[%mdl 576] Discovered Attack} Nxh7 12. Bxe7 Qxe7 13. Qxd4 c6 14. Rfe1 Rfe8 15. Re5 (15. Nxe6 {seems wilder.} fxe6 16. Re5 Ng5 17. Rae1 Nf7 18. Rxe6 Qxe6 19. Rxe6 Rxe6 20. g3) 15... Qd7 16. Nd3 f6 17. Re3 b6 18. b4 Bf7 19. Rg3 Re7 20. a4 Rae8 21. h4 $40 {[%mdl 128] Black needs to defend precisely.} Re4 (21... Qf5 $11) 22. Nxe4 $16 Rxe4 23. Qc3 Rxh4 24. a5 $1 {[%cal Ra5b6] Hoping for axb6.} Ng5 (24... d4 $16 25. Qe1 (25. axb6 axb6 26. Qe1 Nf8 $16) 25... Nf8) 25. axb6 $18 axb6 {[#]} 26. f3 $2 (26. Ra8+ $1 $18 Kh7 {[#]} 27. Ne5 $1 {[%mdl 512]}) 26... Qd6 27. Ra8+ Kh7 {[#]} 28. Ne5 $1 {[%mdl 576] Deflection} fxe5 (28... Qe6 $16) (28... Qxe5 29. Qxe5) 29. Rxg5 d4 30. Qe1 $1 {[%csl LRe5,LRh4]} Rh1+ 31. Kxh1 {Qe4+ would kill now.} Qh6+ 32. Kg1 Qxg5 $16 {[%mdl 4096] Endgame KQR-KQB} 33. Ra1 Bg6 34. Qe2 c5 (34... Qf5 $16 35. Ra8 Qf4) 35. bxc5 $18 bxc5 36. Re1 Qh4 $2 (36... e4 37. fxe4 Bh5) 37. Qxe5 Bxc2 $2 (37... c4 38. g4 Qf6) 38. Re2 Bg6 39. g3 (39. g4 $142 Qd8 40. Qe6) 39... Qd8 40. Qe6 Qg5 41. Rh2+ Bh5 42. g4 {[%mdl 64] Pin. White mates.} Qc1+ 43. Kf2 g6 44. gxh5 {Accuracy: White = 66%, Black = 31%.} 1-0

[Event "90th GER-ch 2019"]
[Site "Magdeburg"]
[Date "2019.06.01"]
[Round "9.3"]
[White "Stern, Rene"]
[Black "Graf, Alexander"]
[Result "0-1"]
[WhiteElo "2538"]
[BlackElo "2572"]
[Annotator "TA"]
[PlyCount "82"]
[EventDate "2019.05.26"]
[EventType "tourn"]
[EventCountry "GER"]
[SourceTitle "playchess.com"]
[Source "ChessBase"]
[SourceQuality "1"]

{[%evp 16,82,33,8,33,21,30,-10,30,12,12,0,0,-1,13,4,26,7,12,-33,-8,-9,-14,-25,-31,-29,-29,-86,-86,-86,-86,-86,-86,-86,-86,-106,-106,-105,-104,-175,-123,-123,-93,-103,-93,-93,-93,-93,-100,-91,-92,-93,-99,-98,-102,-202,-196,-196,-191,-169,-113,-154,-137,-251,-248,-260,-235,-234,-166]} 1. Nf3 Nf6 2. c4 e6 3. Nc3 Bb4 4. Qc2 c5 5. g3 Nc6 6. Bg2 O-O 7. O-O Qe7 8. a3 Ba5 9. d3 h6 {A17: English Opening: 1...Nf6 with ...Bb4} 10. Rb1 Re8 $146 ({Predecessor:} 10... e5 11. e3 Bxc3 12. Qxc3 a5 13. Nh4 d6 14. b3 Rd8 15. f4 exf4 16. Rxf4 {½-½ (25) Huebner,R (2600)-Sosonko,G (2530) Tilburg 1977}) 11. Bd2 d6 {The position is equal.} 12. Na4 Bxd2 13. Nxd2 Bd7 14. e3 Rac8 15. Nc3 Red8 16. Rfc1 b6 17. Qd1 d5 18. cxd5 exd5 19. Nxd5 Nxd5 20. Bxd5 Ne5 21. Qb3 (21. d4 $11 {keeps the balance.} cxd4 22. exd4 Rxc1 23. Rxc1) 21... Bc6 $17 22. e4 Bxd5 23. exd5 Qd7 24. d4 cxd4 25. Rxc8 Qxc8 26. Re1 Qf5 27. Re4 {[#]} (27. f4 $17 Ng4 28. Qc4) 27... Rxd5 $1 {[%mdl 512]} 28. f4 (28. Qxd5 Nf3+) 28... Nd7 29. Qc4 d3 30. Rd4 Rxd4 31. Qxd4 Nc5 32. b4 Ne6 33. Qe4 Qxe4 34. Nxe4 {[%mdl 4096] Endgame KN-KN} Nd4 35. Kf1 (35. Kf2 $17) 35... Nc2 $19 36. Nf2 Nxa3 37. Nxd3 f5 (37... f6 $19 38. Ke2 Kf7) 38. Ke2 Kf7 39. Ke3 {[#]} (39. Ne5+ $17 {is a better defense.} Ke6 40. Kd3) 39... Ke6 $1 40. Kd4 {[#]} Nc2+ $1 41. Kc3 Ne3 {Accuracy: White = 37%, Black = 71%.} 0-1

[Event "90th GER-ch 2019"]
[Site "Magdeburg"]
[Date "2019.06.01"]
[Round "9.4"]
[White "Krassowizkij, Jaroslaw"]
[Black "Kvetny, Mark"]
[Result "0-1"]
[WhiteElo "2450"]
[BlackElo "2414"]
[Annotator "ChessBase"]
[PlyCount "98"]
[EventDate "2019.05.26"]
[EventType "tourn"]
[EventCountry "GER"]
[SourceTitle "playchess.com"]
[Source "ChessBase"]
[SourceQuality "1"]
[TimeControl "40/5400+30:1800+30"]

1. c4 {[%emt 0:00:00]} Nf6 {[%emt 0:00:21]} 2. Nc3 {[%emt 0:00:00]} e5 3. Nf3 {[%emt 0:03:03]} d6 {[%emt 0:04:30]} 4. g3 {[%emt 0:03:05]} Be7 {[%emt 0:01:33]} 5. Bg2 {[%emt 0:02:08]} O-O {[%emt 0:01:06]} 6. d4 {[%emt 0:02:16]} Nbd7 {[%emt 0:00:15]} 7. O-O {[%emt 0:00:13]} c6 {[%emt 0:00:19]} 8. e4 {[%emt 0:01:36]} a6 {[%emt 0:00:18]} 9. h3 {[%emt 0:09:32]} Qc7 {[%emt 0:11:35]} 10. Qe2 {[%emt 0:04:28]} b5 {[%emt 0:05:33]} 11. Rd1 {[%emt 0:16:14]} Re8 {[%emt 0:05:39]} 12. a3 {[%emt 0:13:12]} exd4 {[%emt 0:09:12]} 13. Nxd4 {[%emt 0:00:19]} Ne5 {[%emt 0:01:06]} 14. cxb5 {[%emt 0:04:40]} axb5 {[%emt 0:01:27]} 15. Be3 {[%emt 0:00:05]} Bb7 {[%emt 0:02:27]} 16. Rac1 {[%emt 0:01:15]} Qb8 {[%emt 0:02:10]} 17. Nf5 {[%emt 0:02:26]} Bf8 {[%emt 0:05:30]} 18. f4 {[%emt 0:01:02]} Ned7 {[%emt 0:03:10]} 19. Qd2 {[%emt 0:03:49]} Re6 {[%emt 0:02:03]} 20. Nd4 {[%emt 0:00:43]} Re8 {[%emt 0:02:06]} 21. Nf5 {[%emt 0:04:07]} Re6 {[%emt 0:00:16]} 22. g4 {[%emt 0:00:09]} c5 {[%emt 0:04:27]} 23. Ng3 {[%emt 0:00:42]} Nb6 {[%emt 0:05:32]} 24. Nxb5 {[%emt 0:03:07]} Nxe4 {[%emt 0:05:23]} 25. Bxe4 {[%emt 0:01:34]} Bxe4 {[%emt 0:00:20]} 26. f5 {[%emt 0:02:01]} Re8 {[%emt 0:00:19]} 27. Bf4 {[%emt 0:08:17]} Bd5 {[%emt 0:06:15]} 28. Qf2 {[%emt 0:04:49]} Ra5 {[%emt 0:09:24]} 29. Nc3 {[%emt 0:03:33]} Ba8 {[%emt 0:01:18]} 30. f6 {[%emt 0:00:44]} g6 {[%emt 0:03:33]} 31. Re1 {[%emt 0:00:45]} Nd7 {[%emt 0:03:02]} 32. Rxe8 {[%emt 0:01:31]} Qxe8 {[%emt 0:00:01]} 33. Re1 {[%emt 0:00:06]} Qc8 {[%emt 0:01:29]} 34. g5 {[%emt 0:01:48]} Ne5 {[%emt 0:01:21]} 35. Bxe5 {[%emt 0:00:10]} dxe5 {[%emt 0:00:04]} 36. Rxe5 {[%emt 0:01:01]} Qxh3 {[%emt 0:00:42]} 37. Nce4 {[%emt 0:01:53]} h5 {[%emt 0:02:24]} 38. Qf1 {[%emt 0:01:51]} Qg4 {[%emt 0:00:41]} 39. Qe2 {[%emt 0:00:04]} Qd7 {[%emt 0:02:04]} 40. Qd2 {[%emt 0:01:04]} Qc7 {[%emt 0:00:31]} 41. Re8 {[%emt 0:01:49]} Ra4 {[%emt 0:05:04]} 42. Qd6 {[%emt 0:01:20]} Qxd6 {[%emt 0:00:24]} 43. Nxd6 {[%emt 0:00:04]} Bc6 {[%emt 0:02:35]} 44. Rc8 {[%emt 0:11:57]} Bd7 {[%emt 0:01:19]} 45. Rd8 {[%emt 0:00:37]} Rg4 {[%emt 0:01:37]} 46. Kh2 {[%emt 0:00:55]} Rh4+ {[%emt 0:08:39]} 47. Kg1 {[%emt 0:04:52]} Rd4 {[%emt 0:01:31]} 48. Rxd7 {[%emt 0:01:25]} Bxd6 {[%emt 0:01:19]} 49. Kg2 {[%emt 0:03:40]} Bxg3 {[%emt 0:01:45]} 0-1

[Event "90th GER-ch 2019"]
[Site "Magdeburg"]
[Date "2019.06.01"]
[Round "9.5"]
[White "Paul, Johannes"]
[Black "Lubbe, Nikolas"]
[Result "0-1"]
[WhiteElo "2364"]
[BlackElo "2431"]
[Annotator "ChessBase"]
[PlyCount "118"]
[EventDate "2019.05.26"]
[EventType "tourn"]
[EventCountry "GER"]
[SourceTitle "playchess.com"]
[Source "ChessBase"]
[SourceQuality "1"]
[TimeControl "40/5400+30:1800+30"]

1. d4 {[%emt 0:00:00]} Nf6 {[%emt 0:00:00]} 2. c4 {[%emt 0:00:00]} e6 {[%emt 0:00:00]} 3. Nc3 {[%emt 0:00:00]} d5 {[%emt 0:00:00]} 4. cxd5 {[%emt 0:00:17]} exd5 {[%emt 0:00:05]} 5. Bg5 {[%emt 0:00:13]} c6 {[%emt 0:00:52]} 6. e3 {[%emt 0:00:06]} Be7 {[%emt 0:00:46]} 7. Bd3 {[%emt 0:00:11]} Nbd7 {[%emt 0:00:12]} 8. Nge2 {[%emt 0:00:29]} O-O {[%emt 0:05:50]} 9. Qc2 {[%emt 0:01:38]} Re8 {[%emt 0:00:13]} 10. O-O {[%emt 0:00:12]} Nf8 {[%emt 0:04:41]} 11. f3 {[%emt 0:02:27]} g6 {[%emt 0:19:20]} 12. Rad1 {[%emt 0:17:45]} Ne6 {[%emt 0:12:35]} 13. Bh4 {[%emt 0:01:13]} a6 {[%emt 0:06:26]} 14. Kh1 {[%emt 0:14:46]} b5 {[%emt 0:03:49]} 15. Bf2 {[%emt 0:27:09]} Bb7 {[%emt 0:01:24]} 16. e4 {[%emt 0:01:30]} Rc8 {[%emt 0:01:49]} 17. e5 {[%emt 0:01:53]} Nh5 {[%emt 0:00:33]} 18. Qd2 {[%emt 0:02:34]} c5 {[%emt 0:02:44]} 19. dxc5 {[%emt 0:05:20]} Bxc5 {[%emt 0:00:40]} 20. Bxc5 {[%emt 0:00:12]} Nxc5 {[%emt 0:00:46]} 21. f4 {[%emt 0:05:37]} d4 {[%emt 0:03:35]} 22. Nb1 {[%emt 0:01:19]} Qd5 {[%emt 0:00:48]} 23. Rf3 {[%emt 0:01:57]} Qxa2 {[%emt 0:01:56]} 24. Rh3 {[%emt 0:00:14]} Qd5 {[%emt 0:02:13]} 25. Rg1 {[%emt 0:01:25]} Red8 {[%emt 0:02:42]} 26. Rxh5 {[%emt 0:01:37]} Nxd3 {[%emt 0:05:17]} 27. Qxd3 {[%emt 0:01:04]} gxh5 {[%emt 0:00:12]} 28. Nd2 {[%emt 0:01:31]} Kh8 {[%emt 0:02:13]} 29. Ng3 {[%emt 0:03:40]} Rc1 {[%emt 0:01:57]} 30. Nf3 {[%emt 0:00:03]} Rxg1+ {[%emt 0:02:39]} 31. Kxg1 {[%emt 0:00:01]} Qc4 {[%emt 0:02:01]} 32. Qf5 {[%emt 0:00:26]} Qe6 {[%emt 0:01:18]} 33. Qg5 {[%emt 0:01:10]} Rg8 {[%emt 0:01:05]} 34. Qxh5 {[%emt 0:01:22]} Bxf3 {[%emt 0:01:24]} 35. Qxf3 {[%emt 0:00:05]} Rd8 {[%emt 0:03:31]} 36. Qd3 {[%emt 0:01:46]} Qg4 {[%emt 0:02:00]} 37. Ne2 {[%emt 0:03:34]} Qg6 {[%emt 0:00:44]} 38. f5 {[%emt 0:00:25]} Qg5 {[%emt 0:00:15]} 39. Kf2 {[%emt 0:01:08]} Rd5 {[%emt 0:00:42]} 40. Kf3 {[%emt 0:03:09]} Qe7 {[%emt 0:03:41]} 41. Nf4 {[%emt 0:02:38]} Rxe5 {[%emt 0:07:49]} 42. Qxd4 {[%emt 0:00:13]} Qf6 {[%emt 0:00:48]} 43. Qb4 {[%emt 0:03:58]} Qc6+ {[%emt 0:02:50]} 44. Kg4 {[%emt 0:03:50]} Qc8 {[%emt 0:02:39]} 45. Kh4 {[%emt 0:03:29]} Qd8+ {[%emt 0:02:24]} 46. Kg4 {[%emt 0:00:08]} h6 {[%emt 0:01:44]} 47. h4 {[%emt 0:02:47]} Qd7 {[%emt 0:05:17]} 48. Kf3 {[%emt 0:02:28]} Kg8 {[%emt 0:00:54]} 49. g3 {[%emt 0:02:06]} Qd1+ {[%emt 0:03:34]} 50. Kg2 {[%emt 0:00:49]} Qc2+ {[%emt 0:01:14]} 51. Kf3 {[%emt 0:00:21]} Qd1+ {[%emt 0:00:33]} 52. Kg2 {[%emt 0:00:06]} Re1 {[%emt 0:01:52]} 53. Qc5 {[%emt 0:03:49]} Qd2+ {[%emt 0:00:35]} 54. Kf3 {[%emt 0:00:25]} Rf1+ {[%emt 0:00:23]} 55. Ke4 {[%emt 0:00:27]} Qe1+ {[%emt 0:00:47]} 56. Kd5 {[%emt 0:00:28]} Qxg3 {[%emt 0:00:47]} 57. Qc8+ {[%emt 0:01:14]} Kh7 {[%emt 0:00:17]} 58. Ng6 {[%emt 0:00:56]} Rd1+ {[%emt 0:01:46]} 59. Ke4 {[%emt 0:00:04]} Qd3+ {[%emt 0:00:15] Kd4} 0-1